|
|
|
|
| LEADER |
01850nam a2200433 a 4500 |
| 001 |
EBC3004041 |
| 003 |
MiAaPQ |
| 005 |
20200520144314.0 |
| 006 |
m o d | |
| 007 |
cr cn||||||||| |
| 008 |
060606r20062005ne a sb 001 0 eng d |
| 010 |
|
|
|z 2006047577
|
| 020 |
|
|
|z 9004152709 (pbk. : alk. paper)
|
| 020 |
|
|
|z 9789004152700
|
| 020 |
|
|
|z 9789047410430
|
| 035 |
|
|
|a (MiAaPQ)EBC3004041
|
| 035 |
|
|
|a (Au-PeEL)EBL3004041
|
| 035 |
|
|
|a (CaPaEBR)ebr10234712
|
| 035 |
|
|
|a (CaONFJC)MIL139998
|
| 035 |
|
|
|a (OCoLC)923612620
|
| 040 |
|
|
|a MiAaPQ
|c MiAaPQ
|d MiAaPQ
|
| 043 |
|
|
|a a-ja---
|a f------
|
| 050 |
|
4 |
|a HF1602.15.A4
|b J37 2006
|
| 082 |
0 |
4 |
|a 338.96
|2 22
|
| 245 |
0 |
0 |
|a Japan, a model and a partner
|h [electronic resource] :
|b views and issues in African development /
|c edited by Seifudein Adem.
|
| 260 |
|
|
|a Leiden ;
|a Boston :
|b Brill,
|c 2006.
|
| 300 |
|
|
|a xvii, 230 p. :
|b ill.
|
| 490 |
1 |
|
|a International studies in sociology and social anthropology,
|x 0074-8684 ;
|v v. 98
|
| 500 |
|
|
|a "Formerly published in journal 'African and Asian studies' AAS vol. 4, no. 4, 2005. Special issue: Africa and the Japanese experience. Guest editor: Seifudein Adem"--T.p. verso.
|
| 504 |
|
|
|a Includes bibliographical references and index.
|
| 533 |
|
|
|a Electronic reproduction. Ann Arbor, MI : ProQuest, 2015. Available via World Wide Web. Access may be limited to ProQuest affiliated libraries.
|
| 651 |
|
0 |
|a Japan
|x Foreign economic relations
|z Africa.
|
| 651 |
|
0 |
|a Africa
|x Foreign economic relations
|z Japan.
|
| 651 |
|
0 |
|a Japan
|x Economic conditions.
|
| 655 |
|
4 |
|a Electronic books.
|
| 700 |
1 |
|
|a Adem, Seifudein.
|
| 710 |
2 |
|
|a ProQuest (Firm)
|
| 830 |
|
0 |
|a International studies in sociology and social anthropology ;
|v v. 98.
|
| 856 |
4 |
0 |
|u https://ebookcentral.proquest.com/lib/matrademy/detail.action?docID=3004041
|z Click to View
|